000
00203nam a2200085 4500
001
1254896
005
20251128140213.0
245
_a
EĞLENCELİ BİLGİ NASIL ÇİZİLİR
_c
TONY DE SAULLES
260
_b
TİMAŞ
999
_c
1254896
_d
1254896